Correlation of abrasion index and cut growth rate of different elastomer blends (Record no. 74479)

MARC details
000 -LEADER
fixed length control field 00432nam a2200133Ia 4500
100 ## - MAIN ENTRY--AUTHOR NAME
Personal name Sunil K. Narayanankutty
245 #0 - TITLE STATEMENT
Title Correlation of abrasion index and cut growth rate of different elastomer blends
260 ## - PUBLICATION, DISTRIBUTION, ETC. (IMPRINT)
Name of publisher Cochin University of Science and Technology
Place of publication Cochin
Year of publication 1987
500 ## - GENERAL NOTE
General note Available in RT
500 ## - GENERAL NOTE
General note Course: M.Tech.
700 ## - ADDED ENTRY--PERSONAL NAME
Personal name JK Industries
942 ## - ADDED ENTRY ELEMENTS (KOHA)
Koha item type Theses
Holdings
Withdrawn status Lost status Damaged status Not for loan Collection code Home library Current library Shelving location Date acquired Koha item type
      Theses Dissertation RRII Library RRII Library Rubber technology 31/12/2021 Theses